Score 0/100 Timer 20:00
0 Plays Today
Question Answer % Correct
What subject does Walt teach?Chemistry
95.6%
What state does Breaking Bad take place in?New Mexico
94.2%
What type of cancer is it?Lung Cancer
91.9%
What agency does Hank work for?DEA
91.6%
How old is Walt when he is diagnosed with cancer?50
90.1%
What is Walt Jr.'s favorite meal of the day?Breakfast
88.7%
What is Marie's favorite color?Purple
88.6%
Who is Walt's lawyer?Saul Goodman
76.7%
What does Skyler do to relieve stress even though she's pregnant?Smoke Cigarettes
76.4%
What drug does Jane introduce to Jesse?Heroin
75.6%
What is Walt's pseudonym?Heisenberg
75.2%
What company did Walt help co-found?Gray Matter
72.3%
Who does Skyler sleep with?Ted Beneke
71.4%
What does Krazy-8 try to kill Walt with?Broken Plate
71%
Who is Walt's second assistant who Jesse later kills?Gale Boetticher
67.5%
What is Jesse's special ingredient?Chili Powder
66.6%
What restaurant chain does Gus own?Los Pollos Hermanos
66.3%
Who owns the car wash that Walt and Skyler later buy?Bogdan Wolynetz
65.7%
Who kills Gus?Hector 'Tio' Salamanca
65.3%
What does Walt kill Krazy-8 with?Bike Lock
64.8%
What does Hank collect when he is going through therapy?Minerals
64.3%
On what animal is Tortuga's severed head placed on?Tortoise
63%
After Tuco, who employs Walt in the meth business?Gustavo Fring
62.2%
What is Jack's relationship to Todd?Uncle
61.8%
Where do Skyler and Walt say all the extra money is from?Walt's Gambling Addiction
61.4%
What weapon does he use?Box Cutter
60.8%
Who is the author of the poem in Gale's notebook?Walt Whitman
60.8%
Who is Hank's partner?Steven Gomez
59.8%
Who is Jesse's second girlfriend?Andrea Cantillo
59.3%
Who is Jesse's first partner in the meth business?Emilio Koyama
56.9%
What is Walt Jr.'s nickname?Flynn
56.5%
What do Walt and Jesse use to destroy Gus's laptop?Industrial Electromagnet
56.4%
How much money does Gus offer Walt to cook for 3 months?$3 Million
55.7%
What does Walt give Jesse to kill Gus with?Ricin
55.6%
Question Answer % Correct
What does Walt spend Bogdan's first dollar on?Soda
54.9%
What is Jesse's pseudonym?Captain Cook
53.9%
How does Hector communicate?DING DING DING!
53.9%
What kind of business is Gus's superlab underneath?Laundromat
53.8%
When Mike is guarding the Pollos truck, where is he shot?Ear
52.9%
What animal does the boy on the dirt bike pick up in the desert?Tarantula
51.5%
What drink does Gale try to perfect?Coffee
50.9%
What does Spooge steal from a convenience store?ATM
50.5%
What state is Walt relocated to at the end of the 5th season?New Hampshire
50%
What is Brock poisoned with, leading to his hospitalization?Lily of the Valley
49.7%
What does Marie give Skyler for the baby shower?Tiara
49.3%
Who does Gus kill in the super lab?Victor
48.9%
Who does he kill?Christian 'Combo' Ortega
48.5%
What is Walt Jr.'s first alcoholic drink?Tequila
47.3%
What does Walt say to Skyler after she hears about the nursing home explosion on the news?'I won'
46.8%
Who created and directed the Breaking Bad series?Vince Gilligan
46.3%
What disease does Walt Jr. have?Cerebral Palsy
45.5%
Who owned Jesse's house before him?Aunt
45.2%
What country does Lydia send Walt's meth to?Czech Republic
43.5%
What does Walt say is the purpose of his dealings with Jesse to Skyler after she first finds out about him?Marijuana
43.1%
What is the name of the woman frequently shown working there?Wendy
42.9%
What kind of business does Saul first purchase to launder Walt's money?Laser Tag
42.5%
What does Jane do for a living?Tattoo Artist
40.8%
What do the twins purchase from the gun dealer?Bulletproof Vests
38.8%
What did Walt write on Jesse's failed chemistry exam?Apply Yourself
37.3%
How many people die in the plane crash?167
37.1%
What is the name of the episode in which Gus dies?Face Off
37.1%
How many barrels of money does Walt have?7
36.4%
How much does Walt sell his green car for?$50
34.6%
What country is Bogdan from?Romania
34.3%
How much money does Walt need?$737,000
33.5%
What is Walt Jr.'s best friend's name?Louis Corbett
33.5%
When Skyler flips the quarter at the four corners, what state does it land in?Colorado
33.4%
What is the name of the kid that Todd shoots?Drew Sharp
33.3%
Question Answer % Correct
What is written on that animal?Hola DEA
33%
What is the name of Andrea's little brother?Tomas Cantillo
32.9%
How much money was Chris Mara offered for each hit on Lydia's list?$10,000
32.9%
What is the name of the website Walt Jr. sets up for donations?savewalterwhite.com
32.6%
What is the name of the cartel boss to whom Gus first pitches his meth trade proposal?Don Eladio Vuente
32.5%
Who is the only known vegan on the show?Gale Boetticher
32.2%
What do Walt and Jesse dissolve Krazy-8 and Emilio in?Hydrofluoric Acid
30.8%
In what city was Mike formerly a police officer?Philadelphia, Pennsylvania
29.1%
Who helps Walt cook when Jesse is off with Mike?Tyrus
27.6%
What store does Saul picture himself managing in his new life?Cinnabon
27.1%
How much money is he offered for Mike?$30,000
26.2%
What instrument does Jesse's brother play?Oboe and Piccolo
25.8%
What is the name of the Whites' neighbor?Carol
25.3%
Who does Tuco beat to death in the junkyard?No-doze
24.6%
What kind of car does Walt drive?Pontiac Aztek
22.9%
What kind of RV do Walt and Jesse cook in?Fleetwood Bounder
22.6%
What song does Gale sing in his music video?Major Tom
22.5%
What is the nickname of the Crossroads Motel?The Crystal Palace
21.3%
Through what company do Walt and Jesse continue cooking meth after Gus's death?Vamonos Pest Control
20.4%
What game does Mike play with his granddaughter?Hungry Hungry Hippos
20.4%
What is the name of Gus's friend killed by the cartel in 1989?Maximino Arciniega
20.2%
Where is he being sent for this new life?Omaha, Nebraska
17.8%
'Huell, you happy?'Reasonably
17.6%
What kind of car does Skyler get Walt Jr. for his birthday?Chrysler PT Cruiser
16.6%
After Walt is relocated, what is his new last name?Lambert
16.1%
What kind of gun does Walt purchase illegally?.38 Snub
14.2%
What chemical does Walt use as an explosive in Tuco's headquarters?Mercury Fulminate
13.3%
Where does he hide the barrels?To'hajiilee Navajo Resevation
11.1%
What is the name of Jack's right hand man?Kenny
10.2%
What college did Walt go to?California Institute of Technology
7.4%
What high school does Walt Jr. go to?J.P. Wynne High School
7.3%
When is Walt's birthday?September 7, 1959
6.5%
Remove Ads.
Support Sporcle.
Get the best of Sporcle when you Go Orange. This ad-free experience offers more features, more stats, and more fun while also helping to support Sporcle. Thank you for becoming a member.

You're not logged in!

Compare scores with friends on all Sporcle quizzes.
OR
Log In

Show Comments

Extras

Created Sep 29, 2013ReportNominate
Tags:Breaking Bad, Drama, meth

Top Quizzes Today


Score Distribution

Your Account Isn't Verified!

In order to create a playlist on Sporcle, you need to verify the email address you used during registration. Go to your Sporcle Settings to finish the process.

Report this User

Report this user for behavior that violates our Community Guidelines.

Details: